|
|
|
|
| LEADER |
00000nam0a2200000 4500 |
| 001 |
302895 |
| 005 |
20231102001541.0 |
| 020 |
|
|
|a RU
|b 82-74175
|
| 035 |
|
|
|a (RuTPU)RU\TPU\book\328112
|
| 090 |
|
|
|a 302895
|
| 100 |
|
|
|a 20150827d1982 m y0rusy5003 ca
|
| 101 |
0 |
|
|a rus
|
| 102 |
|
|
|a RU
|
| 105 |
|
|
|a a j 001zy
|
| 200 |
1 |
|
|a Некоторые проблемы проектирования ЯЭУ с высокотемпературными газоохлаждаемыми реакторами
|e учебное пособие
|f Л. Д. Полканов, С. А. Замятин
|g Горьковский политехнический институт имени А. А. Жданова (ГПИ)
|
| 210 |
|
|
|a Горький
|c Изд-во ГПИ
|d 1982
|
| 215 |
|
|
|a 65 с.
|c ил.
|
| 320 |
|
|
|a Библиогр.: с. 63-64
|
| 606 |
1 |
|
|a Ядерные реакторы
|x Проектирование
|2 stltpush
|3 (RuTPU)RU\TPU\subj\21664
|9 46620
|
| 610 |
1 |
|
|a ядерные энергетические установки
|
| 610 |
1 |
|
|a ЯЭУ
|
| 610 |
1 |
|
|a газоохлаждаемые реакторы
|
| 610 |
1 |
|
|a высокотемпературные газоохлаждаемые ядерные реакторы
|
| 610 |
1 |
|
|a газотурбинные установки
|
| 610 |
1 |
|
|a мощность
|
| 610 |
1 |
|
|a МГД-генераторы
|
| 610 |
1 |
|
|a применение
|
| 610 |
1 |
|
|a учебные пособия
|
| 675 |
|
|
|a 621.039.5.001.6
|v 3
|
| 700 |
|
1 |
|a Полканов
|b Л. Д.
|g Леонид Дмитриевич
|
| 701 |
|
1 |
|a Замятин
|b С. А.
|g Сергей Аркадьевич
|
| 712 |
0 |
2 |
|a Горьковский политехнический институт имени А. А. Жданова (ГПИ)
|c (1950-1990)
|2 stltpush
|3 (RuTPU)RU\TPU\col\2321
|
| 801 |
|
0 |
|a RU
|b RuMRKP
|c 19950704
|g psbo
|
| 801 |
|
1 |
|a RU
|b 63413507
|c 20150827
|
| 801 |
|
2 |
|a RU
|b 63413507
|c 20190709
|g RCR
|
| 942 |
|
|
|c BK
|